Statistics for All YNW Melly Songs

Click here to take the quiz!

General Stats

  • This quiz has been taken 428 times
    (188 since last reset)
  • The average score is 25 of 65

Answer Stats

AlbumSong% Correct
I Am YouMurder on My Mind
91%
I Am YouMama Cry
79%
Melly vs. MelvinSuicidal
73%
Melly vs. Melvin223's
72%
We All ShineMixed Personalities
71%
I Am YouMind on My Murder
66%
Single #3772 Love
63%
I Am YouVirtual (Blue Balenciagas)
60%
Just a Matter of SlimeMind of Melvin
58%
We All ShineButter Pecan
57%
We All ShineCity Girls
56%
Single #8Freddy Krueger
56%
We All ShineNo Heart
50%
I Am YouSlang That Iron
47%
Melly vs. MelvinTwo Face
46%
I Am YouI Am You
45%
Melly vs. MelvinAdam Sandler
40%
Melly vs. MelvinBang Bang
40%
I Am YouWine 4 Me
38%
Just a Matter of SlimeBest Friends 4L
37%
Just a Matter of SlimeNa Na Na Boo Boo
37%
Just a Matter of SlimePieces
36%
Melly vs. MelvinKilluminati
35%
I Am You4 Real
34%
SingleLegendary (Remix)
34%
Single #6Medium Fries
34%
We All ShineNo Holidays
34%
We All ShineRolling Loud
34%
We All ShineBeat a N***a Block
33%
Just a Matter of SlimeLoving My Life
33%
I Am YouRisk Taker
33%
Melly vs. Melvin100K
31%
Single #2Catching Feelings
31%
We All ShineControl Me
31%
We All ShineF**k PNC Bank
31%
Melly vs. MelvinI'm a Star
31%
We All ShineIngredients
31%
We All ShineRobbery
31%
Just a Matter of SlimeTake Kare
31%
Just a Matter of SlimeThugged Out
31%
Melly vs. MelvinBillboard
30%
Melly vs. MelvinNobody's Around
30%
Just a Matter of SlimeFar Apart
29%
Melly vs. MelvinI Ain't Lying
29%
We All ShineAlarm
28%
Just a Matter of SlimeCaprisun Fun
28%
We All ShineCurtain (Burtains)
28%
I Am YouFreaky Girl
28%
I Am YouHad a Dream
28%
I Am YouFree Trell
27%
We All ShineHold Up (Wait 1 Min)
27%
I Am YouIn the Mourning
27%
Melly vs. MelvinMy Slime
27%
We All ShineNo More
27%
Melly vs. MelvinWaitin on You
27%
Single #5Whodie
27%
I Am YouYNW Home Invasion
27%
I Am YouDrop Top
26%
Melly vs. MelvinStay Up
26%
We All ShineWhy You Gotta Walk Like That???
26%
Single #4Florida Water
25%
Just a Matter of SlimeGreensight
24%
Single #7Till the End
22%
Just a Matter of SlimeYung N**** Sh*t
22%
New SingleThe Mob
21%

Score Distribution

Percentile by Number Answered

Percent of People with Each Score

Your Score History

You have not taken this quiz since the last reset